| 000 | 01862nam a2200289 u 4500 | ||
|---|---|---|---|
| 003 | AM-YeHGA | ||
| 040 | _aAM-YeHGA | ||
| 090 | _c435840 | ||
| 005 | 20250617155503.0 | ||
| 008 | 130313s1939 ||||||||||||||||||||rus|c | ||
| 041 | 0 | _arus | |
| 110 | 2 | _aМордовский научно-исследовательский ин-т языка, литературы и истории | |
| 245 | 1 | 0 |
_aДокументы и материалы по истории Мордовской АССР / _cОтв. ред. Б.Д. Греков, В.И. Лебедев ; Мордовский НИИ. |
| 260 |
_aСаранск : _bМордовское гос. изд-во, _c1939. |
||
| 300 |
_aТ. ; _c22 см. |
||
| 504 | _aБиблиогр. в подстр. примеч. | ||
| 505 | 0 | 0 |
_gТ. 1(1940, 433 с.) _gТ. 2(1940, 351 с.) _gТ. 3. Ч.1(1939, 343 с.) |
| 505 | 0 | 0 |
_g Т. 1. Ч.2 (1950 [обл. 1951], 580 с.) : _tСоциально-экономические отношения в Казанском крае, Саранском и Темниковском уездах в XVIII в. / _rПод ред. чл.-кор. АН СССР проф. А. И. Яковлева |
| 505 | 0 | 0 |
_gТ. 3. Ч.2 (1952 [обл. 1953], 654 с.) _t[90-е годы XVII в. - конец XVIII в.] / _r[Сост. А. Захаркина и др] ; Под ред. чл.-кор. АН СССР лауреат Сталинской премии проф. А. И. Яковлева |
| 505 | 0 | 0 |
_gТ. 4. Ч.1 (1948, 440 с.) / _rПод ред. чл.-кор. АН СССР проф. А. И. Яковлева |
| 650 | 1 | 4 |
_aИстория _zМордовская АССР |
| 700 | 1 |
_aГреков, Б.Д. _eред. _4edt |
|
| 700 | 1 |
_aЛебедев, В.И. _eред. _4edt |
|
| 700 | 1 |
_aЗахаркина, А. _eсост. _4com |
|
| 700 | 1 |
_aЯковлев, А. И. _eред. _4com |
|
| 942 |
_2udc _cBK |
||
| 999 |
_c433235 _d433235 |
||